Genetics: (Record no. 194171)
[ view plain ]
| 000 -LEADER | |
|---|---|
| fixed length control field | 00891nam a22002057a 4500 |
| 005 - DATE AND TIME OF LATEST TRANSACTION | |
| control field | 20230130102213.0 |
| 010 ## - LCCN (DPL NO) | |
| LC control number | B-747242-243 E.N.A./7.11.22 |
| 020 ## - INTERNATIONAL STANDARD BOOK NUMBER | |
| International Standard Book Number | 9789355011947 |
| Terms of availability | 1499.00 |
| 035 ## - SYSTEM CONTROL NUMBER | |
| System control number | B-747242-243 |
| 037 ## - SOURCE OF ACQUISITION | |
| Source of stock number/acquisition | AKPD |
| 082 ## - DEWEY DECIMAL CLASSIFICATION NUMBER | |
| Classification number | 576.5 |
| 100 ## - MAIN ENTRY--PERSONAL NAME | |
| Personal name | Verma, S.P. |
| 245 ## - TITLE STATEMENT | |
| Title | Genetics: |
| Remainder of title | for B.Sc and M.Sc Student of all Indian Universities/ |
| Statement of responsibility, etc | P.S. Verma and V.K. Agarwal |
| 260 ## - PUBLICATION, DISTRIBUTION, ETC. (IMPRINT) | |
| Place of publication, distribution, etc | New Delhi |
| Name of publisher, distributor, etc | S Chand and Company Limited |
| Date of publication, distribution, etc | 2022 |
| 270 ## - ADDRESS | |
| Address | Block B-1, House No.D-1, Ground Floor, Mohan Co-operative Industrial Estate, |
| City | New Delhi |
| Postal code | 110044 |
| Telephone number | 011-66672000 |
| 300 ## - PHYSICAL DESCRIPTION | |
| Extent | xi,1293p. |
| Dimensions | 25cm(hbk) |
| 700 ## - ADDED ENTRY--PERSONAL NAME | |
| Personal name | Agarwal, KV |
| 942 ## - ADDED ENTRY ELEMENTS (KOHA) | |
| Source of classification or shelving scheme | Dewey Decimal Classification |
| Item type | English Books |
| Call number suffix | VER |
| Classification part | 576.5 |
| Withdrawn status | Lost status | Not for loan | Collection code | Home library | Current library | Date acquired | Source of acquisition | Cost, normal purchase price | Full call number | Barcode | Copy number | Cost, replacement price | Koha item type |
|---|---|---|---|---|---|---|---|---|---|---|---|---|---|
| Non-fiction | Central Library | Central Library | 30/01/2023 | AKPD/A-22/28.11.22/147/23.11.22/2.12.22 | 1499.00 | 576.5 VER | B-747242 | 1 | 1499.00 | English Books | |||
| Non-fiction | Sarojini Nagar | Sarojini Nagar | 30/01/2023 | AKPD/A-22/28.11.22/147/23.11.22/2.12.22 | 1499.00 | 576.5 VER | B-747243 | 1 | 1499.00 | English Books |
